000 00539nam a2200181Ia 4500
003 OSt
005 20260106123949.0
008 210210b1953 xxu||||| |||| 00| 0 eng d
040 _cAL
041 _aKannada
082 _a859/1522
100 _aRAMACHANDRARAYA BELLE
_9155757
_d ರಾಮಚಂದ್ರರಾಯ ಬೆಳ್ಳೆ.
245 _aRayaru kanda rangu:
_bರಾಯರು ಕಂಡ ರಂಗು
260 _aBengaluru
_bVahini Prakashana
_c1953
690 _aKannada Fiction
_9155758
906 _a022251
942 _2ddc
_cBK
999 _c146385
_d146385